[Event "Aeroflot Open A"]
[Site "Moscow RUS"]
[Date "2011.02.15"]
[Round "8"]
[White "El Debs, Felipe de Cresce"]
[Black "Zhou, Weiqi"]
[Result "1/2-1/2"]
[WhiteTitle "GM"]
[BlackTitle "GM"]
[WhiteElo "2499"]
[BlackElo "2573"]
[WhiteFideId "2106981"]
[BlackFideId "8601674"]
[EventDate "2011.02.08"]

1. Nf3 Nf6 2. c4 e6 3. g3 b6 4. Bg2 Bb7 5. O-O c5 6. Nc3 Be7 7. d4 cxd4 8. Qxd4
O-O 9. Bf4 Nc6 10. Qd3 Rc8 11. e4 Ba6 12. b3 Nb4 13. Qe2 d5 14. Rfd1 Qe8 15. a3
Nc6 16. exd5 exd5 17. Nxd5 Nxd5 18. Rxd5 Bf6 19. Re1 Qxe2 20. Rxe2 Na5 21. Nd2
Nxb3 22. Nxb3 Bxc4 23. Re3 Bxd5 24. Bxd5 Rfd8 25. Bb7 Rc3 26. Rxc3 Bxc3 27. a4
Rd1+ 28. Kg2 Rb1 29. Bd5 Rb2 30. Be3 Ra2 31. Nc5 Ra3 32. Ne4 Bb4 33. Bc6 h6 34.
g4 Kf8 35. Bf4 Ke7 36. h4 Rb3 37. Bb5 f6 38. Bb8 Kd8 39. h5 Be7 40. Ng3 Rb4 41.
Kf3 a6 42. Bxa6 Rxa4 43. Bb5 Ra5 44. Bd3 b5 45. Nf5 b4 46. Nxg7 b3 47. Bf4 b2
48. Be3 Ra1 49. Nf5 Bf8 50. Bd4 b1=Q 51. Bxb1 Rxb1 52. Bxf6+ Ke8 53. Bd4 Rc1 54.
Ke4 Kf7 55. Be3 Rc4+ 56. Kf3 Rc6 57. Kg3 Ra6 58. f3 Rc6 59. Kf4 Ra6 60. Ke4 Rc6
61. Kd3 Ra6 62. Bd4 Re6 63. f4 Re1 64. g5 hxg5 65. fxg5 Re6 66. Nh4 Bg7 67. g6+
Kg8 68. Nf5 Bxd4 69. Kxd4 Re1 70. h6 Re6 71. g7 Rxh6 1/2-1/2

[Event "Aeroflot Open A"]
[Site "Moscow RUS"]
[Date "2011.02.15"]
[Round "8"]
[White "Sethuraman, S.P."]
[Black "Roussel-Roozmon, Thomas"]
[Result "1-0"]
[WhiteTitle "IM"]
[BlackTitle "GM"]
[WhiteElo "2545"]
[BlackElo "2500"]
[WhiteFideId "5021596"]
[BlackFideId "2603659"]
[EventDate "2011.02.08"]

1. Nf3 Nf6 2. g3 c5 3. Bg2 Nc6 4. O-O g6 5. d3 Bg7 6. e4 O-O 7. c3 e5 8. Nbd2 d5
9. Qe2 Re8 10. Re1 b6 11. exd5 Nxd5 12. Nc4 Bb7 13. Ng5 f5 14. Qf3 Nc7 15. Qd1
Na5 16. Nxa5 Bxg2 17. Kxg2 bxa5 18. Qb3+ Qd5+ 19. Nf3 Rab8 20. Qxd5+ Nxd5 21. a4
c4 22. dxc4 Nb6 23. b3 Nd7 24. Rb1 Nc5 25. Be3 Ne4 26. Rec1 Red8 27. Bxa7 Rb7
28. Be3 Rd3 29. Rd1 Rbd7 30. Rxd3 Rxd3 31. Rc1 h6 32. c5 g5 33. c6 f4 34. c7 Nd6
35. Ne1 1-0

[Event "Aeroflot Open A"]
[Site "Moscow RUS"]
[Date "2011.02.15"]
[Round "8"]
[White "Pogonina, Natalija"]
[Black "Hammer, Jon Ludvig"]
[Result "0-1"]
[WhiteTitle "WGM"]
[BlackTitle "GM"]
[WhiteElo "2472"]
[BlackElo "2647"]
[WhiteFideId "4147855"]
[BlackFideId "1503707"]
[EventDate "2011.02.08"]

1. e4 c5 2. Nf3 Nc6 3. d4 cxd4 4. Nxd4 Nf6 5. Nc3 e5 6. Ndb5 d6 7. Bg5 a6 8. Na3
b5 9. Nd5 Be7 10. Bxf6 Bxf6 11. c4 b4 12. Nc2 Rb8 13. Be2 Bg5 14. O-O O-O 15. b3
Be6 16. Qd3 Kh8 17. Rad1 f5 18. Bf3 f4 19. a3 bxa3 20. Ra1 Qc8 21. b4 a5 22.
bxa5 Nxa5 23. Nxa3 Rb3 24. Qd1 Rb2 25. Qd3 Rb3 26. Qd1 Rb2 27. Qd3 Qc5 28. Nb5
Nxc4 29. Nbc7 Bxd5 30. Nxd5 Rd2 31. Qc3 Bh4 32. Kh1 Rxf2 33. Rxf2 Bxf2 34. Rc1
Rb8 35. g3 Be3 36. Nxe3 Qxe3 37. Qxc4 Qxf3+ 38. Kg1 h6 39. gxf4 Qg4+ 40. Kh1
Qf3+ 41. Kg1 exf4 42. Qc2 Rb5 0-1

[Event "Aeroflot Open A"]
[Site "Moscow RUS"]
[Date "2011.02.15"]
[Round "8"]
[White "Paikidze, Nazi"]
[Black "Xiu, Deshun"]
[Result "0-1"]
[WhiteTitle "WGM"]
[WhiteElo "2455"]
[BlackElo "2508"]
[WhiteFideId "13603620"]
[BlackFideId "8603693"]
[EventDate "2011.02.08"]

1. e4 c5 2. Nf3 Nc6 3. d4 cxd4 4. Nxd4 g6 5. Nc3 Bg7 6. Be3 Nf6 7. Bc4 Qa5 8.
O-O O-O 9. Bb3 d6 10. f3 Bd7 11. Qd2 Rfc8 12. Nxc6 bxc6 13. Rad1 Qa6 14. Bg5 Rd8
15. f4 Qb6+ 16. Kh1 a5 17. Qe1 Bg4 18. Rd2 Be6 19. e5 dxe5 20. Na4 Qc7 21. Bxe6
fxe6 22. Rxd8+ Rxd8 23. Nc5 Qc8 24. fxe5 Ng4 25. Bxe7 Rd5 26. Nd3 Nxe5 27. Nf4
Rd7 28. Bc5 Rf7 29. Bd4 Rf5 30. g4 Nxg4 31. Bxg7 e5 32. h3 Rxf4 33. Rxf4 exf4
34. hxg4 Kxg7 35. Qe5+ Kg8 36. Qxf4 Qe6 37. Qb8+ Kg7 38. Qc7+ Kh6 39. Qf4+ g5
40. Qf3 Kg6 41. Kg2 h5 42. gxh5+ Kh6 43. b3 Qd6 44. Kf1 Qe6 45. a4 g4 46. Qc3
Qd5 47. Qh8+ Kg5 48. Qe8 Qd1+ 49. Qe1 Qxe1+ 50. Kxe1 c5 51. Kf2 Kxh5 52. c3 Kh4
53. Kg2 g3 0-1

[Event "Aeroflot Open A"]
[Site "Moscow RUS"]
[Date "2011.02.15"]
[Round "8"]
[White "Huschenbeth, Niclas"]
[Black "Kosteniuk, Alexandra"]
[Result "0-1"]
[WhiteTitle "IM"]
[BlackTitle "GM"]
[WhiteElo "2450"]
[BlackElo "2498"]
[WhiteFideId "24604747"]
[BlackFideId "4128125"]
[EventDate "2011.02.08"]

1. e4 c5 2. Nf3 Nc6 3. d4 cxd4 4. Nxd4 Nf6 5. Nc3 d6 6. Bg5 e6 7. Qd2 a6 8.
O-O-O Bd7 9. f4 b5 10. a3 Qa5 11. Nb3 Qc7 12. Bxf6 gxf6 13. Bxb5 axb5 14. Nxb5
Qc8 15. Nxd6+ Bxd6 16. Qxd6 Na5 17. Nc5 Bb5 18. b3 Bc6 19. Rd4 Rg8 20. g3 f5 21.
Rhd1 Bxe4 22. Nxe4 fxe4 23. Kb2 Qb7 24. Rb4 Qc8 25. Rxe4 Ra6 26. Qb4 Qb7 27.
Red4 Ra8 28. Rd6 Qe7 29. f5 Nb7 30. Rb6 Nd8 31. fxe6 fxe6 32. Rbd6 Nf7 33. Rb6
Qxb4 34. axb4 Rg6 35. b5 Rf6 36. c4 Ne5 37. Rbd6 Ke7 38. Ra6 Rff8 39. Rxa8 Rxa8
40. Kc3 Nd7 41. Kb4 Rc8 42. Rd4 e5 43. Rh4 Nf6 44. g4 Rg8 45. b6 Kd7 46. Rh6 Rg6
47. Rxg6 hxg6 48. Kb5 e4 49. c5 e3 50. c6+ Kc8 51. Ka6 Nd5 0-1

[Event "Aeroflot Open A"]
[Site "Moscow RUS"]
[Date "2011.02.15"]
[Round "8"]
[White "Vocaturo, Daniele"]
[Black "Geller, Jakov"]
[Result "1-0"]
[WhiteTitle "GM"]
[BlackTitle "IM"]
[WhiteElo "2570"]
[BlackElo "2544"]
[WhiteFideId "813192"]
[BlackFideId "4151984"]
[EventDate "2011.02.08"]

1. e4 c5 2. Nc3 e6 3. f4 d5 4. Nf3 dxe4 5. Nxe4 Be7 6. d4 cxd4 7. Qxd4 Qxd4 8.
Nxd4 a6 9. g3 Bd7 10. Bg2 Nc6 11. Be3 Nf6 12. Nxc6 Bxc6 13. Nxf6+ Bxf6 14. Bxc6+
bxc6 15. O-O-O Rd8 16. c3 O-O 17. Bb6 Rb8 18. Bd4 Rfd8 19. Bxf6 gxf6 20. Rhe1
Kf8 21. Rxd8+ Rxd8 22. Re4 c5 23. f5 Ke7 24. Ra4 Ra8 25. Kd2 Kd6 26. Ke3 Ke5 27.
Rh4 Kxf5 28. Rh5+ Kg6 29. Rxc5 a5 30. a4 f5 31. Rb5 f6 32. c4 e5 33. c5 h5 34.
c6 h4 35. c7 Rc8 36. Rb7 hxg3 37. hxg3 Kf7 38. b4 Ke6 39. b5 1-0

[Event "Aeroflot Open A"]
[Site "Moscow RUS"]
[Date "2011.02.16"]
[Round "9"]
[White "Cheparinov, Ivan"]
[Black "Vitiugov, Nikita"]
[Result "0-1"]
[WhiteTitle "GM"]
[BlackTitle "GM"]
[WhiteElo "2665"]
[BlackElo "2709"]
[WhiteFideId "2905540"]
[BlackFideId "4152956"]
[EventDate "2011.02.08"]

1. d4 Nf6 2. c4 e6 3. Nf3 Bb4+ 4. Nbd2 O-O 5. a3 Be7 6. e4 d5 7. e5 Nfd7 8. b4
a5 9. b5 c5 10. cxd5 exd5 11. Bd3 cxd4 12. Nb3 a4 13. Nbxd4 Nc5 14. Bc2 Nbd7 15.
O-O Nb6 16. Re1 Re8 17. h3 Bd7 18. Nf5 Bxf5 19. Bxf5 Nc4 20. Nd4 g6 21. Bg4 Ne4
22. e6 Bf6 23. Ra2 Nc3 24. Qf3 Nxa2 25. exf7+ Kxf7 26. Ne6 Rxe6 27. Bxe6+ Kg7
28. Bxd5 Ne5 29. Rxe5 Nxc1 30. Re3 Rc8 31. Bxb7 Rc5 32. Bc6 Rf5 33. Qg4 Qd2 34.
Bf3 Re5 35. Be4 Rg5 36. Qf3 Rxb5 37. g3 Re5 38. Kg2 Re7 39. Bc6 Rxe3 40. Qxe3
Qxe3 41. fxe3 Be7 42. Bxa4 Bxa3 43. Bc2 Ne2 44. Kf3 Nc3 45. h4 Bd6 46. Bb3 Kf6
47. Bg8 h6 48. Bb3 Nb5 49. Bc4 Nc7 50. Bb3 Ne6 51. Bc4 Ng7 52. g4 Ke5 0-1

[Event "Aeroflot Open A"]
[Site "Moscow RUS"]
[Date "2011.02.16"]
[Round "9"]
[White "Mamedov, Rauf"]
[Black "Le, Quang Liem"]
[Result "1/2-1/2"]
[WhiteTitle "GM"]
[BlackTitle "GM"]
[WhiteElo "2660"]
[BlackElo "2664"]
[WhiteFideId "13401653"]
[BlackFideId "12401137"]
[EventDate "2011.02.08"]

1. e4 c5 2. Nf3 d6 3. d4 cxd4 4. Nxd4 Nf6 5. Nc3 a6 6. g3 e5 7. Nb3 Be7 8. Bg2
b5 9. a4 b4 10. Nd5 Nxd5 11. Qxd5 Ra7 12. Be3 Be6 13. Qd2 Rb7 14. O-O O-O 15.
Rfd1 Qc7 16. Rac1 Nd7 17. c4 Rc8 18. Bf1 Rbb8 19. Qd3 h6 20. f4 Bg4 21. Rd2 Nf6
22. Rdc2 Qb7 23. c5 dxc5 24. Nxc5 Bxc5 25. Rxc5 Rxc5 26. Rxc5 exf4 27. Bxf4 Nxe4
28. Re5 Ng5 29. Bxg5 hxg5 30. Qd4 Qb6 31. Qxb6 Rxb6 32. Rxg5 Be6 33. Kf2 Rc6 34.
Bd3 Rc1 35. Ra5 Rh1 36. h4 1/2-1/2

[Event "Aeroflot Open A"]
[Site "Moscow RUS"]
[Date "2011.02.16"]
[Round "9"]
[White "Tomashevsky, Evgeny"]
[Black "Sjugirov, Sanan"]
[Result "1-0"]
[WhiteTitle "GM"]
[BlackTitle "GM"]
[WhiteElo "2695"]
[BlackElo "2626"]
[WhiteFideId "4147235"]
[BlackFideId "4189302"]
[EventDate "2011.02.08"]

1. d4 d5 2. c4 e6 3. Nc3 c6 4. e3 Nf6 5. Nf3 Nbd7 6. Qc2 Bd6 7. Bd3 O-O 8. O-O
dxc4 9. Bxc4 b5 10. Be2 Bb7 11. Rd1 Qc7 12. e4 e5 13. Bg5 Rfe8 14. Rac1 Rac8 15.
Qd2 Qb8 16. dxe5 Bxe5 17. Nxe5 Nxe5 18. f4 b4 19. Bxf6 bxc3 20. Rxc3 Ng6 21. Bg5
f6 22. f5 Rcd8 23. Rd3 Rxd3 24. Qxd3 Ne5 25. Qb3+ Kh8 26. Bf4 Qc7 27. Bxe5 fxe5
28. Qe3 c5 29. Bb5 Rd8 30. Rxd8+ Qxd8 31. Qxc5 h6 32. Qxe5 Qb6+ 33. Kh1 Bxe4 34.
f6 gxf6 35. Qe8+ Kg7 36. Qe7+ Kh8 37. Qe8+ Kg7 38. Bc4 Bxg2+ 39. Kxg2 Qxb2+ 40.
Qe2 Qb7+ 41. Qf3 1-0

[Event "Aeroflot Open A"]
[Site "Moscow RUS"]
[Date "2011.02.16"]
[Round "9"]
[White "Kasimdzhanov, Rustam"]
[Black "Yu, Yangyi"]
[Result "1/2-1/2"]
[WhiteTitle "GM"]
[BlackTitle "GM"]
[WhiteElo "2681"]
[BlackElo "2607"]
[WhiteFideId "14200244"]
[BlackFideId "8603820"]
[EventDate "2011.02.08"]

1. d4 d5 2. c4 c6 3. Nf3 Nf6 4. Nc3 e6 5. e3 g6 6. b3 Bg7 7. Ba3 Ne4 8. Qc1 Nd7
9. Bd3 f5 10. O-O a6 11. Nd2 Ndf6 12. Bxe4 Nxe4 13. Nf3 Qa5 14. Ne2 Bd7 15. Ne5
Bxe5 16. dxe5 dxc4 17. Rd1 c5 18. h4 b5 19. f3 b4 20. fxe4 bxa3 21. Rd6 cxb3 22.
axb3 Qb4 23. Qxa3 Qxa3 24. Rxa3 Ke7 25. exf5 gxf5 26. Ra5 Rhc8 27. Kf2 c4 28.
bxc4 Rxc4 29. Nd4 Bc8 30. h5 Kf7 31. Nc6 Rc3 32. Nd8+ Ke7 33. Nc6+ Kf7 34. g4
fxg4 35. Ra4 Kg7 36. Rxg4+ Kh6 37. Ne7 Rb8 38. Ng8+ Kxh5 39. Nf6+ Kh6 40. Ng8+
Kh5 41. Nf6+ Kh6 42. Rd2 Rb1 43. Ng8+ 1/2-1/2

[Event "Aeroflot Open A"]
[Site "Moscow RUS"]
[Date "2011.02.16"]
[Round "9"]
[White "Rodshtein, Maxim"]
[Black "Khismatullin, Denis"]
[Result "1/2-1/2"]
[WhiteTitle "GM"]
[BlackTitle "GM"]
[WhiteElo "2625"]
[BlackElo "2649"]
[WhiteFideId "2806851"]
[BlackFideId "4142578"]
[EventDate "2011.02.08"]

1. d4 Nf6 2. c4 e6 3. Nf3 d5 4. g3 Bb4+ 5. Bd2 Be7 6. Bg2 O-O 7. O-O Nbd7 8. Qc2
c6 9. Bf4 b6 10. Rd1 Bb7 11. Nc3 dxc4 12. Nd2 Nd5 13. Nxc4 Nxf4 14. gxf4 Qc7 15.
Ne5 Nxe5 16. fxe5 Rad8 17. f4 f6 18. e3 c5 19. Qb3 Bxg2 20. Qxe6+ Kh8 21. Kxg2
cxd4 22. Rxd4 Qb7+ 23. Rd5 fxe5 24. fxe5 Bc5 25. Rf1 Rxf1 26. Kxf1 Rf8+ 27. Ke2
h6 28. Qg6 Bb4 29. Qd3 Qe7 30. Qe4 Qf7 31. Kd3 Qf1+ 32. Kc2 a5 33. e6 Qf6 34.
Rd7 Re8 35. Nd5 Qxe6 36. Qxe6 Rxe6 37. Nxb4 axb4 38. Kd3 Rg6 39. Rd4 b3 40. axb3
Rg2 41. h4 Rxb2 42. Kc4 Kh7 43. b4 Kg6 1/2-1/2

[Event "Aeroflot Open A"]
[Site "Moscow RUS"]
[Date "2011.02.16"]
[Round "9"]
[White "Vuckovic, Bojan"]
[Black "Kamsky, Gata"]
[Result "0-1"]
[WhiteTitle "GM"]
[BlackTitle "GM"]
[WhiteElo "2623"]
[BlackElo "2730"]
[WhiteFideId "922277"]
[BlackFideId "2000024"]
[EventDate "2011.02.08"]

1. d4 d5 2. c4 c6 3. Nf3 Nf6 4. Nc3 a6 5. c5 g6 6. h3 Bg7 7. Bf4 Bf5 8. e3 Nbd7
9. Be2 Ne4 10. O-O h6 11. Qb3 Ra7 12. Bh2 O-O 13. Rac1 a5 14. a3 g5 15. Rfd1 Bg6
16. Nd2 Nxd2 17. Rxd2 e5 18. dxe5 Nxc5 19. Qd1 Qb6 20. Na4 Nxa4 21. Qxa4 Re8 22.
Qd4 Qxd4 23. exd4 f6 24. Bd3 Bxd3 25. Rxd3 fxe5 26. Bxe5 Bxe5 27. Re3 a4 28.
Rce1 Ra5 29. h4 Kf7 30. hxg5 hxg5 31. dxe5 d4 32. Rf3+ Ke7 33. Rh3 Kd7 34. e6+
Kd6 35. Rh7 Re7 36. Rh8 Re5 37. Rxe5 Kxe5 38. Rg8 Kxe6 39. Rxg5 d3 40. Rg3 d2 0-1

[Event "Aeroflot Open A"]
[Site "Moscow RUS"]
[Date "2011.02.16"]
[Round "9"]
[White "Jakovenko, Dmitry"]
[Black "Sandipan, Chanda"]
[Result "1/2-1/2"]
[WhiteTitle "GM"]
[BlackTitle "GM"]
[WhiteElo "2718"]
[BlackElo "2641"]
[WhiteFideId "4122356"]
[BlackFideId "5004225"]
[EventDate "2011.02.08"]

1. c4 c6 2. Nf3 d5 3. e3 Nf6 4. Nc3 e6 5. d4 Nbd7 6. Bd3 dxc4 7. Bxc4 b5 8. Bd3
Bb7 9. O-O a6 10. e4 c5 11. d5 Qc7 12. dxe6 fxe6 13. Bc2 c4 14. Ng5 Nc5 15. Be3
h6 16. Nf3 e5 17. b3 Rd8 18. Qe2 Nd3 19. bxc4 bxc4 20. Rab1 Bb4 21. Nd5 Nxd5 22.
exd5 Bxd5 23. Bxd3 cxd3 24. Qxd3 a5 25. Rbc1 Bxf3 26. Qb5+ Qd7 27. Qxe5+ Qe7 28.
Qb5+ Qd7 29. Qxd7+ Rxd7 30. Rc8+ Rd8 31. Rxd8+ Kxd8 32. gxf3 Ke7 33. Rc1 Rd8 34.
Kg2 Rd7 35. f4 Kf7 36. Kf3 a4 37. Rc4 Rb7 38. f5 a3 39. Bd4 Be7 40. Rc6 Rb5 41.
Ke4 Rb1 42. Rc7 Re1+ 43. Kf3 Kf8 44. h3 Rh1 45. Bxg7+ Kxg7 46. Rxe7+ Kf6 47. Re3
Rxh3+ 48. Kg4 Rh2 49. Kg3 Rh1 50. Rxa3 Kxf5 51. Ra8 Rg1+ 52. Kh2 Rg6 53. a4 Ke4
54. a5 Kf3 55. a6 Rf6 56. Kh3 Rf4 57. a7 Rf7 58. Kh4 Kf4 59. Kh5 Kf5 60. f3 Kf6
61. Kg4 Rg7+ 62. Kf4 Rf7 63. Ke4 Re7+ 64. Kd5 Rf7 65. Ke4 Re7+ 66. Kf4 Rf7 67.
Kg4 Rg7+ 68. Kh4 Rf7 69. Kh5 Kf5 70. f4 Kf6 71. Kxh6 Kf5 72. Rb8 Rxa7 73. Rf8+
Kg4 74. f5 Ra6+ 1/2-1/2

[Event "Aeroflot Open A"]
[Site "Moscow RUS"]
[Date "2011.02.16"]
[Round "9"]
[White "Petrosian, Tigran L."]
[Black "Grachev, Boris"]
[Result "1/2-1/2"]
[WhiteTitle "GM"]
[BlackTitle "GM"]
[WhiteElo "2604"]
[BlackElo "2660"]
[WhiteFideId "13301616"]
[BlackFideId "4129199"]
[EventDate "2011.02.08"]

1. e4 e6 2. d4 d5 3. Nc3 Nf6 4. Bg5 dxe4 5. Nxe4 Nbd7 6. Nf3 h6 7. Nxf6+ Nxf6 8.
Bxf6 Qxf6 9. Bb5+ c6 10. Bd3 a6 11. O-O c5 12. c3 cxd4 13. cxd4 Bd6 14. Qe2 O-O
15. Ne5 Rd8 16. Rad1 Rb8 17. Qe4 g6 18. Qe3 h5 19. f4 1/2-1/2

[Event "Aeroflot Open A"]
[Site "Moscow RUS"]
[Date "2011.02.16"]
[Round "9"]
[White "Ding, Liren"]
[Black "Zvjaginsev, Vadim"]
[Result "1/2-1/2"]
[WhiteTitle "GM"]
[BlackTitle "GM"]
[WhiteElo "2628"]
[BlackElo "2660"]
[WhiteFideId "8603677"]
[BlackFideId "4113403"]
[EventDate "2011.02.08"]

1. d4 Nf6 2. c4 c5 3. d5 b5 4. Nf3 g6 5. cxb5 a6 6. bxa6 Bxa6 7. Nc3 d6 8. g3
Bg7 9. Bg2 O-O 10. O-O Bb7 11. e4 Nbd7 12. h3 Nb6 13. Qc2 Nc4 14. Rd1 Nd7 15.
Nd2 Nde5 16. a4 1/2-1/2

[Event "Aeroflot Open A"]
[Site "Moscow RUS"]
[Date "2011.02.16"]
[Round "9"]
[White "Lysyj, Igor"]
[Black "Movsesian, Sergei"]
[Result "1/2-1/2"]
[WhiteTitle "GM"]
[BlackTitle "GM"]
[WhiteElo "2635"]
[BlackElo "2721"]
[WhiteFideId "4150120"]
[BlackFideId "310204"]
[EventDate "2011.02.08"]

1. d4 d5 2. c4 c6 3. Nf3 Nf6 4. e3 Bg4 5. h3 Bxf3 6. Qxf3 e6 7. Nc3 Nbd7 8. Bd3
Bb4 9. Bd2 O-O 10. a3 Ba5 11. cxd5 exd5 12. b4 Bc7 13. b5 Re8 14. bxc6 bxc6 15.
O-O Nf8 16. Qd1 Ne6 17. Qc2 c5 18. dxc5 Nxc5 19. Nb5 Bb6 20. Rfd1 Nxd3 21. Qxd3
Rc8 22. Bb4 Ne4 23. Qxd5 Qf6 24. Be1 Rc5 25. Qd3 Rg5 26. Nd4 Rg6 27. Rac1 Qg5
28. Qf1 h6 29. a4 Qh5 30. Kh1 Rf6 31. Nf3 Ree6 32. Rc8+ Kh7 33. g4 Qg6 34. Qg2
Nxf2+ 35. Bxf2 Qe4 36. Nd2 Qxa4 37. Rcc1 Bxe3 38. Bxe3 Rxe3 39. Nc4 Ref3 40.
Qc2+ Qxc2 41. Rxc2 Rxh3+ 42. Kg2 Rff3 43. Rd4 Rfg3+ 44. Kf2 h5 45. gxh5 Rg5 46.
Re2 Rh2+ 47. Ke1 Rxe2+ 48. Kxe2 Rxh5 1/2-1/2

[Event "Aeroflot Open A"]
[Site "Moscow RUS"]
[Date "2011.02.16"]
[Round "9"]
[White "Vachier-Lagrave, Maxime"]
[Black "Salgado Lopez, Ivan"]
[Result "1-0"]
[WhiteTitle "GM"]
[BlackTitle "GM"]
[WhiteElo "2715"]
[BlackElo "2626"]
[WhiteFideId "623539"]
[BlackFideId "2257327"]
[EventDate "2011.02.08"]

1. c4 Nf6 2. Nc3 c5 3. g3 e6 4. Nf3 b6 5. Bg2 Bb7 6. O-O Be7 7. b3 O-O 8. Bb2 d6
9. e3 a6 10. Qe2 Nbd7 11. Rfd1 Ra7 12. d4 Re8 13. e4 cxd4 14. Nxd4 Qb8 15. Re1
Ba8 16. Rad1 g6 17. g4 e5 18. Nc2 Nc5 19. Nd5 Bd8 20. f4 Ne6 21. fxe5 dxe5 22.
Rf1 Nd7 23. Qf2 f6 24. Kh1 b5 25. Ba3 Bxd5 26. exd5 Bb6 27. dxe6 Bxf2 28. exd7
Rd8 29. Bd5+ Kg7 30. Rxf2 Raxd7 31. Ne3 bxc4 32. bxc4 Qb6 33. Bc1 Rb8 34. h4 Qb1
35. Rdf1 Rxd5 36. cxd5 Qe4+ 37. Kh2 f5 38. gxf5 Qxh4+ 39. Kg1 Rc8 40. Bd2 Rd8
41. Rh2 Qd4 42. f6+ Kg8 43. f7+ Kg7 44. Rhf2 h5 45. Nc2 Qxd5 46. Bb4 Qxa2 47.
f8=Q+ Rxf8 48. Bxf8+ Kg8 49. Bh6 Qb3 50. Ne3 g5 51. Bxg5 a5 52. Rg2 Kh7 53. Rf6
a4 54. Bh6 Qb4 55. Rf7+ 1-0

[Event "Aeroflot Open A"]
[Site "Moscow RUS"]
[Date "2011.02.16"]
[Round "9"]
[White "Lenic, Luka"]
[Black "Sutovsky, Emil"]
[Result "0-1"]
[WhiteTitle "GM"]
[BlackTitle "GM"]
[WhiteElo "2613"]
[BlackElo "2695"]
[WhiteFideId "14603853"]
[BlackFideId "2802007"]
[EventDate "2011.02.08"]

1. Nf3 Nf6 2. c4 g6 3. Nc3 d5 4. cxd5 Nxd5 5. e4 Nxc3 6. bxc3 Bg7 7. Ba3 Nd7 8.
Bc4 c5 9. O-O O-O 10. d4 Qc7 11. Qe2 a6 12. e5 e6 13. Ng5 b5 14. Bd3 Bb7 15. Bc1
Rad8 16. Bf4 Nb6 17. Rac1 Nd5 18. Bg3 Bh6 19. h4 Bxg5 20. hxg5 Qa5 21. Be4 Nxc3
22. Rxc3 Bxe4 23. Rxc5 Rxd4 24. Rd1 Rxd1+ 25. Qxd1 Qxa2 26. Qd7 b4 27. Kh2 Kg7
28. Qd4 b3 0-1

[Event "Aeroflot Open A"]
[Site "Moscow RUS"]
[Date "2011.02.16"]
[Round "9"]
[White "Romanov, Evgeny"]
[Black "Andreikin, Dmitry"]
[Result "0-1"]
[WhiteTitle "GM"]
[BlackTitle "GM"]
[WhiteElo "2606"]
[BlackElo "2689"]
[WhiteFideId "4148843"]
[BlackFideId "4158814"]
[EventDate "2011.02.08"]

1. d4 Nf6 2. c4 e6 3. Nf3 b6 4. g3 Bb7 5. Bg2 Bb4+ 6. Bd2 a5 7. O-O O-O 8. Nc3
d6 9. Qc2 Nbd7 10. Rad1 Bxc3 11. Bxc3 Be4 12. Qc1 Qb8 13. a4 Qb7 14. b3 d5 15.
Bh3 c6 16. Nd2 Bg6 17. Bg2 b5 18. c5 Ne4 19. Nxe4 dxe4 20. Qd2 Qa6 21. axb5 Qxb5
22. Ra1 Qxb3 23. Bxa5 Qd5 24. h3 h6 25. f4 exf3 26. Bxf3 Be4 27. Bxe4 Qxe4 28.
Bc7 Nf6 29. Qd3 Qd5 30. Rfb1 h5 31. Bd6 Rfe8 32. Rxa8 Rxa8 33. Rb8+ Rxb8 34.
Bxb8 Ne4 35. Qe3 f6 36. Kh2 Qf5 37. Kg2 Kf7 38. Bc7 Kg6 39. h4 Qg4 40. Bf4 Kf5
41. Qd3 g5 42. hxg5 fxg5 43. Be5 Kg6 44. Qf3 Qf5 45. Qe3 g4 46. Kg1 Ng5 47. Kh2
Qc2 48. Bf4 Ne4 49. Bc7 Kf7 50. Ba5 e5 51. dxe5 Ke6 52. Kg2 Kxe5 53. Bc7+ Kd5
54. Bd6 Kc4 55. Bf8 Kb5 56. Bd6 Nxc5 57. Bxc5 Qxc5 58. Qb3+ Qb4 59. Qd3+ Qc4 60.
Qb1+ Kc5 61. Kf1 Qf7+ 62. Ke1 Qd5 63. Qc2+ Kb6 64. Qb1+ Qb5 65. Qg6 Qe5 66. Qb1+
Ka6 67. Qd3+ Kb7 68. Qb3+ Kc7 69. Qf7+ Kb6 70. Qb3+ Ka6 71. Qd3+ Qb5 72. Qg6 Ka5
73. Kd2 Qd5+ 74. Kc2 c5 75. e4 Qc4+ 76. Kd2 Qd4+ 77. Ke2 c4 78. Qxh5+ Kb4 79.
Qxg4 c3 80. Qf4 c2 81. Qd2+ Qc3 82. Qd6+ Kb3 83. Qb6+ Ka2 84. Qa6+ Kb2 0-1

[Event "Aeroflot Open A"]
[Site "Moscow RUS"]
[Date "2011.02.16"]
[Round "9"]
[White "Kovalenko, Igor"]
[Black "Motylev, Alexander"]
[Result "1/2-1/2"]
[WhiteTitle "IM"]
[BlackTitle "GM"]
[WhiteElo "2515"]
[BlackElo "2687"]
[WhiteFideId "14117908"]
[BlackFideId "4121830"]
[EventDate "2011.02.08"]

1. d4 d5 2. Nf3 Nf6 3. c4 c6 4. Nc3 e6 5. Bg5 h6 6. Bxf6 Qxf6 7. e3 g6 8. Rc1
Nd7 9. cxd5 exd5 10. Bd3 Bg7 11. b4 a6 12. a4 O-O 13. b5 Qd6 14. Qb3 axb5 15.
axb5 Ra3 16. Qb2 Ra8 17. O-O c5 18. dxc5 Nxc5 19. Qb4 Rd8 20. Be2 b6 21. Nxd5
Ra4 22. Qe1 Qxd5 23. Rd1 Qxd1 24. Bxd1 Ra1 25. Nd4 Bg4 26. f3 Bf5 27. Qc3 Rb1
28. Bc2 Rxf1+ 29. Kxf1 Bxc2 30. Qxc2 Bxd4 31. exd4 Rxd4 32. Qc1 h5 33. Qe3 Rd1+
34. Ke2 Rd5 35. Kf2 Kf8 36. Kg3 Nd7 37. h4 Re5 38. Qa3+ Ke8 39. Qb2 Ke7 40. Kh3
Rd5 41. Qa3+ Rc5 42. g4 Ke8 43. Qb2 Ke7 44. Kg3 Ke8 45. Qb4 Kd8 46. Qe4 Re5 47.
Qd3 Rc5 48. Kf4 Ke7 49. Qe3+ Kf8 50. Kg3 Re5 51. Qa3+ Ke8 52. f4 Rxb5 53. f5
hxg4 54. fxg6 fxg6 55. Qd3 Rf5 56. Qd6 1/2-1/2

[Event "Aeroflot Open A"]
[Site "Moscow RUS"]
[Date "2011.02.16"]
[Round "9"]
[White "Volokitin, Andrei"]
[Black "Ni, Hua"]
[Result "1-0"]
[WhiteTitle "GM"]
[BlackTitle "GM"]
[WhiteElo "2678"]
[BlackElo "2645"]
[WhiteFideId "14107090"]
[BlackFideId "8601160"]
[EventDate "2011.02.08"]

1. e4 e6 2. d4 d5 3. Nc3 Nf6 4. Bg5 Be7 5. e5 Nfd7 6. Bxe7 Qxe7 7. f4 a6 8. Nf3
c5 9. Qd2 Nc6 10. dxc5 Nxc5 11. Bd3 O-O 12. O-O Bd7 13. Rae1 f5 14. exf6 Qxf6
15. Ne5 Be8 16. Qf2 Nxe5 17. fxe5 Qxf2+ 18. Rxf2 Bg6 19. Bxg6 hxg6 20. Ne2 Rxf2
21. Kxf2 Kf7 22. Nd4 Rc8 23. Ke3 b5 24. h4 Na4 25. b3 Nc3 26. Kf4 Ne4 27. Rc1
Ke7 28. c4 g5+ 29. Ke3 gxh4 30. Rc2 g5 31. cxd5 Rxc2 32. d6+ Kd7 33. Nxc2 Nc3
34. Ne1 g4 35. Nd3 h3 36. gxh3 gxh3 37. Nc5+ Kc6 38. Kf3 Nxa2 39. Nxa6 Nc1 40.
Nc5 b4 41. Kg3 Ne2+ 42. Kxh3 Nd4 43. d7 Kc7 44. Kg4 Kd8 45. Kf4 Ke7 46. d8=Q+
Kxd8 47. Ke4 Nc6 48. Nxe6+ Kd7 49. Nc5+ Kc7 50. Kd5 Ne7+ 51. Kc4 Nc6 52. Nd3 Kd7
53. Kc5 Kc7 54. e6 Nd8 55. Nf4 Nb7+ 56. Kxb4 Kd6 57. Kb5 Nd8 58. b4 Nc6 59. Kc4
Nd8 60. b5 Nb7 61. Kb4 Kc7 62. Nd5+ Kd6 63. e7 Kd7 64. b6 1-0